000 00733nam a2200229Ii 4500
003 JO-AjNU
008 230605s9999||||xx |||||||||||||| ||und||
017 _a1998/7/1083
020 _a9957-8500-08
040 _aJO-AjNU
_bara
_erda
_cJO-AjNU
041 _aara
050 1 4 _aTA345.S8.Q27 1998
100 3 _aقطان، بيتر عيسى ,
_eauthor
_951273
245 0 0 _aمقدمة الى برنامج STAAD
250 _aط1
264 3 1 _aعمان: مكتبة الراتب للنشر، 1998
300 _a313ص
336 _atext
_btxt
_2rdacontent
337 _aunmediated
_bn
_2rdamedia
338 _avolume
_bnc
_2rdacarrier
650 4 _aالحواسيب-برمجة-الهندسة المدنية الانشائية
_951274
999 _aA22637
_c26205
_d26205